Extreme justice #7/ William Bernhardt.
Available copies
- 1 of 1 copy available at LARL/NWRL Consortium. (Show)
- 1 of 1 copy available at Northwest Regional Library.
Current holds
0 current holds with 1 total copy.
Show Only Available Copies
| Location | Call Number / Copy Notes | Barcode | Shelving Location | Status | Due Date |
|---|---|---|---|---|---|
| Roseau Public Library | BER (Text) | 35500002479457 | Main | Available | - |
Record details
- ISBN: 0345407377
- Physical Description: 294 p. ; 25 cm.
- Publisher: New York : Ballantine Books, 1998.
Search for related items by subject
| Subject: | Kincaid, Ben (Fictitious character) > Fiction. Tulsa (Okla.) > Fiction. |
| Genre: | Legal stories. |
Search for related items by series
| LDR | 01339cam a2200325Ia 4500 | ||
|---|---|---|---|
| 001 | 21768 | ||
| 003 | LARL_NWRL_CONSORTIUM | ||
| 005 | 19980325093854.0 | ||
| 008 | 970711s1998 nyu 000 1 eng | ||
| 020 | . | ‡a0345407377 | |
| 035 | . | ‡a(OCoLC)37310946 | |
| 082 | 0 | 0. | ‡a813/.54 ‡221 |
| 099 | . | ‡aBer | |
| 100 | 1 | . | ‡aBernhardt, William, ‡d1960- ‡0(LARL_NWRL_CONSORTIUM)138284 |
| 245 | 1 | 0. | ‡aExtreme justice ‡n#7/ ‡cWilliam Bernhardt. |
| 260 | . | ‡aNew York : ‡bBallantine Books, ‡c1998. | |
| 300 | . | ‡a294 p. ; ‡c25 cm. | |
| 490 | 0 | . | ‡aBen Kincaid ; ‡v7 |
| 650 | 0. | ‡aKincaid, Ben (Fictitious character) ‡vFiction. | |
| 651 | 0. | ‡aTulsa (Okla.) ‡vFiction. | |
| 655 | 7. | ‡aLegal stories. ‡2gsafd | |
| 901 | . | ‡a21768 ‡bOCLC ‡c21768 ‡tbiblio | |

Add to basket
Permalink
Disable Highlighting